000
00434nam a2200133Ia 4500
008
100328s9999 xx 000 0 und d
082
_b
26443
100
_a
खाडीलकर उषा
245
_a
फुलोरा भाव फुलांचा
260
_b
रंजना
630
_a
फुलोरा भाव फुलांचा
730
_a
फुलोरा भाव फुलांचा
942
_c
BOOK
999
_c
518824
_d
518821